000 00416nam a2200181Ia 4500
999 _c32392
_d32392
003 0100
005 20170510120754.0
008 130303s9999 xx 000 0 und d
040 _cARRUPELIB
050 _aDT433.29.B8W731972
100 _aWright, Michael A.
_930111
245 _aBuganda in the heroic age
260 _bOxford University Press
_aNairobi
_c1971
300 _axvi
300 _b 244p. 22cm
650 _aBuganda
_xHistory
_930714
942 0 0 _01
_2lcc
_cMONOGRAPH